[Event "Haifa ol (Men)"]
[Site "Haifa"]
[Date "1976.??.??"]
[Round "?"]
[White "Micheli, Carlo"]
[Black "Estimo, Nilo"]
[Result "1-0"]
[WhiteElo "2305"]
[BlackElo "2200"]

1.e4 d5 2.exd5 Qxd5 3.Nc3 Qd8 4.d4 Nf6 5.Nf3 Bg4 6.h3 Bh5 7.Bf4 e6 8.Be2 Bd6
9.Ne5 Bg6 10.Bf3 c6 11.Qe2 Bb4 12.O-O Nbd7 13.Nxg6 hxg6 14.d5 cxd5 15.Nxd5 Nxd5
16.Bxd5 Qb6 17.Rfd1 O-O 18.Bf3 Nf6 19.Rd3 e5 20.Qxe5 Rfe8 21.Qc7 Qxc7 22.Bxc7 Rac8
23.Rb3 Rxc7 24.Rxb4 b6 25.c3 Rd8 26.a4 Rc5 27.Rb5 Rdc8 28.Rd1 Kf8 29.g4 g5
30.Kg2 Rxb5 31.axb5 Rc5 32.Bc6 a6 33.bxa6  1-0

[Event "Skopje"]
[Site "Skopje"]
[Date "1976.??.??"]
[Round "6"]
[White "Nicevski, Risto"]
[Black "Georgievski, Vanco"]
[Result "1/2-1/2"]
[WhiteElo "2395"]
[BlackElo "2250"]

1.e4 d5 2.exd5 Qxd5 3.Nc3 Qd8 4.d4 Nf6 5.Bc4 c6 6.Nge2 Bf5 7.f3 e6 8.g4 Bg6
9.h4 h6 10.Bf4 Bd6 11.Qd2 Nd5 12.Bxd6 Qxd6 13.Ne4 Qe7 14.O-O-O Nd7 15.Nf4 Bxe4
16.fxe4 Nxf4 17.Qxf4 O-O-O 18.Rhf1 Nb6 19.Bb3 Rd7 20.g5 hxg5 21.hxg5 g6 22.Qe3 Rh7
23.Rd3 Qd6 24.Qd2 Kb8 25.a4 Qc7 26.Kb1 Nc8 27.Qe1 Qd8 28.Qe3 Nd6 29.d5 cxd5
30.exd5 exd5 31.Rxd5 Nf5 32.Qf4+ Ka8 33.Rfd1 Rxd5 34.Bxd5 Qe7 35.Rd3 Qe1+
36.Ka2 Rh4 37.Bb3 Qa5 38.Qf3 a6 39.Rd5 Qc7 40.Qe2 Qe7 41.Re5 Qd7 42.Re8+ Ka7
43.Rf8 Qd4 44.Qe8 Nd6 45.Qb8+ Kb6 46.Qd8+ Kc6 47.c3 Qf2 48.Qa5 Qc5 49.Qd8 Qf2
50.Qa5 Qc5  1/2-1/2

[Event "SWE-ch"]
[Site "SWE"]
[Date "1976.??.??"]
[Round "?"]
[White "Friberg, Hans"]
[Black "Kinnmark, Ove"]
[Result "0-1"]
[WhiteElo "2200"]
[BlackElo "2390"]

1.e4 d5 2.exd5 Qxd5 3.Nc3 Qd8 4.d4 g6 5.Nf3 Bg7 6.Bb5+ c6 7.Bc4 Nh6 8.Ne4 Nf5
9.c3 Nd6 10.Nxd6+ Qxd6 11.O-O O-O 12.Re1 Nd7 13.Bg5 Nf6 14.Bh4 Bf5 15.Bd3 Bxd3
16.Qxd3 Rfe8 17.Bg3 Qd8 18.h3 Qb6 19.Re2 e6 20.Ne5 Rad8 21.Qf3 h6 22.Bf4 g5
23.Be3 Qc7 24.h4 Nh7 25.Nd3 Qe7 26.hxg5 hxg5 27.g4 Nf8 28.Qh3 Ng6 29.Rf1 b6
30.f4 c5 31.Ne5 Nxf4 32.Bxf4 gxf4 33.Nc6 Qc7 34.Nxd8 Rxd8 35.dxc5 Qxc5+ 36.Kg2 e5
37.Qf3 Qc4 38.b3 Qe6 39.Re4 Qg6 40.Kf2 Rd2+ 41.Re2 Rxe2+ 42.Qxe2 e4 43.Qc4 Qh7
44.Ke1 f3 45.Qc8+ Bf8 46.Qf5 Qh4+ 47.Kd1 Qd8+ 48.Kc1 Ba3+  0-1

[Event "Makarczyk mem"]
[Site "Lodz"]
[Date "1978.??.??"]
[Round "7"]
[White "Sznapik, Aleksander"]
[Black "Kirov, Nino"]
[Result "1/2-1/2"]
[WhiteElo "2430"]
[BlackElo "2465"]

1.e4 d5 2.exd5 Qxd5 3.Nc3 Qd8 4.d4 Bf5 5.Bc4 e6 6.Nf3 Nf6 7.O-O Be7 8.Re1 O-O
9.Bf4 c6 10.Qd2 Nbd7 11.Rad1 Re8 12.Ne5 Nxe5 13.Bxe5 Qd7 14.Bd3 Bxd3 15.Qxd3 Rad8  1/2-1/2

[Event "Favorite"]
[Site "Hamburg"]
[Date "1980.??.??"]
[Round "13"]
[White "Cording, Harm"]
[Black "Mueller, G."]
[Result "1/2-1/2"]
[WhiteElo "2290"]
[BlackElo "2200"]

1.e4 d5 2.exd5 Qxd5 3.Nc3 Qd6 4.Nf3 Nf6 5.Bc4 Bg4 6.h3 Bxf3 7.Qxf3 c6 8.d3 e6
9.O-O Qc7 10.Bf4 Bd6 11.Bxd6 Qxd6  1/2-1/2

[Event "Makarczyk mem"]
[Site "Lodz"]
[Date "1980.??.??"]
[Round "11"]
[White "Kojder, Konrad"]
[Black "Zoltek, Tadeusz"]
[Result "0-1"]
[WhiteElo "2430"]
[BlackElo "2345"]

1.e4 d5 2.exd5 Qxd5 3.Nc3 Qd8 4.d4 g6 5.Nf3 Bg7 6.Bc4 Nh6 7.Ne4 Nf5 8.c3 O-O
9.Bb3 b6 10.O-O Bb7 11.Re1 Nd7 12.Bf4 Rc8 13.Qe2 Nf6 14.Ng3 Nxg3 15.Bxg3 Bxf3
16.Qxf3 Nh5 17.Be5 e6 18.Ba4 Bxe5 19.Rxe5 Qd6 20.Bc6 Ng7 21.b4 Nf5 22.a4 Ne7
23.Bb7 Rb8 24.b5 Nf5 25.g3 Qd8 26.Bc6 Ne7 27.Bb7 Nf5 28.Bc6 Ne7 29.a5 Qd6
30.axb6 Nxc6 31.bxa7 Nxe5 32.dxe5 Qxe5 33.axb8=Q Rxb8 34.Qc6 Rxb5 35.Ra8+ Kg7
36.Rc8 Qe1+ 37.Kg2 Rf5 38.f4 Qe2+ 39.Kg1 Rd5  0-1

[Event "Caorle op"]
[Site "Caorle"]
[Date "1982.??.??"]
[Round "2"]
[White "Petit Bon, Ivan"]
[Black "Dinic, Vladan"]
[Result "1-0"]
[WhiteElo "2000"]
[BlackElo "2000"]

1.e4 d5 2.exd5 Qxd5 3.Nc3 Qd8 4.Nf3 g6 5.Bc4 Nh6 6.d3 Nf5 7.Bf4 Bg7 8.Be5 O-O
9.Bxg7 Kxg7 10.Qd2 c6 11.O-O Nd7 12.Ne4 Qc7 13.Rae1 b5 14.Qc3+ Nf6 15.Bxb5 Bb7
16.Nc5 Rac8 17.Bc4 Kg8 18.Ne5 Nd5 19.Qd2 Rcd8 20.a3 Bc8 21.Re2 Nd4 22.Re4 Nf6
23.Ree1 Bf5 24.c3 Nb5 25.d4 Nd6 26.Bd3 Bc8 27.h3 Qb7 28.Re2 Bf5 29.Bxf5 Nxf5
30.Qf4 Nd5 31.Qh2 Qc7 32.g4 Ng7 33.Rfe1 e6 34.f4 h5 35.Qf2 Kh7 36.c4 Nf6
37.Rd2 Rd6 38.Qh4 Ng8 39.Ne4 Rdd8 40.Ng5+ Kh8 41.Ngxf7+ Rxf7 42.Qxd8 Qb7
43.Nxf7+ Qxf7 44.Rf2 Kh7 45.Qd6 Nh6 46.Rg2 Qb7 47.b4 Qa6 48.b5 Qa5 49.Qb4 Qc7
50.Re4 cxb5 51.Qxb5 Qe7 52.Re3 Qc7 53.Re5 Qd8 54.Qc5 Qh4 55.gxh5 Nhf5 56.hxg6+ Kh6
57.Qf8  1-0

[Event "Eksjo"]
[Site "Eksjo"]
[Date "1982.??.??"]
[Round "8"]
[White "Schneider, Lars Ake"]
[Black "Gurevich, Dmitry"]
[Result "1-0"]
[WhiteElo "2435"]
[BlackElo "2470"]

1.e4 d5 2.exd5 Qxd5 3.Nc3 Qd6 4.d4 Nf6 5.Be2 a6 6.Nf3 Nc6 7.O-O Bg4 8.Be3 e6
9.Qd2 Be7 10.Rad1 Bxf3 11.Bxf3 O-O-O 12.Qc1 Nb4 13.a3 Nbd5 14.Nxd5 exd5 15.c4 dxc4
16.Bf4 Qb6 17.Qxc4 Rd7 18.Be5 Kb8 19.Rd3 Qb5 20.Qc2 Nd5  1-0

[Event "Rostock"]
[Site "Rostock"]
[Date "1982.??.??"]
[Round "?"]
[White "Tischbierek, Raj"]
[Black "Zoltek, Tadeusz"]
[Result "1-0"]
[WhiteElo "2365"]
[BlackElo "2305"]

1.e4 d5 2.exd5 Qxd5 3.Nc3 Qd8 4.Bc4 g6 5.Nf3 Bg7 6.d4 Nh6 7.Bf4 Nf5 8.Nd5 Nd6
9.Bb3 c6 10.Ne3 Nd7 11.O-O Nf6 12.Qe2 O-O 13.Rad1 Ng4 14.Nc4 Nxc4 15.Bxc4 Nf6
16.Rfe1 b5 17.Bb3 Nd5 18.Bg3 Bg4 19.h3 Bxf3 20.Qxf3 e6 21.c3 a5 22.Bc2 a4
23.a3 Qd7 24.h4 h5 25.Be5 Qe7 26.Qg3 Rfd8 27.Rd3 Bf6 28.Re4 Bg7 29.Rf3 Kh7
30.Bxg7 Kxg7 31.Qe5+ Kg8 32.g4 Nb6 33.gxh5 Rd5 34.Qg3 Rxh5 35.Rg4 Kh8 36.Rxf7 Qxf7
37.Bxg6 Qf6 38.Bxh5 Rf8 39.Rg6 Qf4 40.Qxf4 Rxf4 41.Rxe6 Rxh4 42.Be2 Nd5 43.Rxc6 Nf4
44.Bxb5 Rg4+ 45.Kf1 Rh4 46.Ke1  1-0

[Event "ARG-ch U26"]
[Site "Pehuaj"]
[Date "1983.??.??"]
[Round "?"]
[White "Gomez Baillo, Jorge H"]
[Black "Bianchi, Guillermo"]
[Result "1-0"]
[WhiteElo "2330"]
[BlackElo "2370"]

1.e4 d5 2.exd5 Qxd5 3.Nc3 Qd6 4.d4 Nf6 5.Be2 a6 6.Be3 Nc6 7.Qd2 Bf5 8.Nf3 O-O-O
9.O-O h6 10.Bf4 Qd7 11.Rad1 e6 12.a3 Qe7 13.Rfe1 g5 14.Bg3 Bg7 15.Ne5 Nxe5
16.Bxe5 Rd7 17.Bd3 Bxd3 18.Qxd3 Rhd8 19.Na4 Ne8 20.Qc3 Rd6 21.Bxd6 Rxd6 22.Nc5 Rd5
23.Qf3 c6 24.c3 Nd6 25.a4 Nf5 26.b4 Nd6 27.Re2 Qf6 28.Qxf6 Bxf6 29.Ne4 Nxe4
30.Rxe4 b6 31.Rde1 a5 32.Rb1 axb4 33.Rxb4 Kc7 34.Re1 c5 35.Rb5 Kc6 36.Reb1 Bd8
37.dxc5 Rxc5 38.Rxc5+ Kxc5 39.Rb4 Bf6 40.Rb5+ Kc6 41.Rb3 Be5 42.Kf1 h5 43.h3 f5
44.Ke2 g4 45.Kd3 Bd6 46.Rb5 Bc5 47.f3 e5 48.c4 gxf3 49.gxf3 h4 50.a5 bxa5
51.Rxa5 Bd6 52.Ra8 Kc5 53.Rc8+ Kb4 54.Rd8 Kc5 55.Rd7 Bb8 56.Rh7 e4+ 57.fxe4 fxe4+
58.Kxe4 Bg3 59.Kd3 Bf2 60.Rc7+ Kd6 61.Rf7 Bg3 62.Rf5 Kc6 63.Kd4 Be1 64.Rf6+ Kc7
65.Kd5  1-0

[Event "Dresden"]
[Site "Dresden"]
[Date "1984.??.??"]
[Round "4"]
[White "Dobrovolsky, Ladislav"]
[Black "Mathe, Gaspar"]
[Result "1-0"]
[WhiteElo "2410"]
[BlackElo "2355"]

1.e4 d5 2.exd5 Qxd5 3.Nc3 Qd8 4.d4 Nf6 5.Bc4 Bg4 6.f3 Bf5 7.g4 Bc8 8.Nge2 e6
9.Bg5 Be7 10.Qd2 c6 11.O-O-O Nbd7 12.h4 b5 13.Bd3 Bb7 14.Ne4 Qb6 15.Kb1 a5
16.h5 b4 17.h6 g6 18.Bc4 Ba6 19.Bxa6 Rxa6 20.N2g3 Nd5 21.Bxe7 Kxe7 22.f4 a4
23.f5 b3 24.cxb3 f6 25.fxe6 axb3 26.a3 Nf8 27.Rhe1 Ra5 28.Nc5 Nc7 29.Nge4 Nb5
30.Qf4  1-0

[Event "Jurmala"]
[Site "Jurmala"]
[Date "1985.??.??"]
[Round "11"]
[White "Inkiov, Ventzislav"]
[Black "Utasi, Tamas"]
[Result "1/2-1/2"]
[WhiteElo "2490"]
[BlackElo "2485"]

1.e4 d5 2.exd5 Qxd5 3.Nc3 Qd6 4.d4 Nf6 5.Nf3 a6 6.Ne5 Nc6 7.Nxc6 Qxc6 8.Bf4 Bg4
9.f3 Be6 10.Qd2 O-O-O 11.O-O-O Bc4 12.Bxc4 Qxc4 13.Qd3 Qxd3 14.Rxd3 e6  1/2-1/2

[Event "DSV-Turnier"]
[Site "Potsdam"]
[Date "1985.??.??"]
[Round "2"]
[White "Ghinda, Mihail Viorel"]
[Black "Sygulski, Artur"]
[Result "1/2-1/2"]
[WhiteElo "2475"]
[BlackElo "2425"]

1.e4 d5 2.exd5 Qxd5 3.Nc3 Qd6 4.d4 a6 5.Nge2 Nf6 6.Bf4 Qd8 7.g3 e6 8.Bg2 Bd6
9.Qd2 Nbd7 10.O-O-O Nb6 11.Ne4 Nxe4 12.Bxe4 Nd5 13.Be5 Nf6 14.Bg2 Bxe5 15.dxe5 Qxd2+
16.Rxd2 Ng4 17.f4 Rb8 18.Bf3 h5 19.h3 Ne3 20.Rd3 Nf5 21.Rhd1 Ke7 22.Rc3 c6
23.Rcd3 f6 24.h4 a5 25.a4 Ra8 26.Be4 Nh6 27.Bf3 Nf7 28.Re3 Bd7 29.Nd4 fxe5
30.fxe5 Raf8 31.Ne2 g5 32.hxg5 Rfg8 33.Nf4 Rxg5 34.Be2 h4 35.gxh4 Rxh4 36.Rf1 Rh6
37.Nd3 b6 38.b3 c5 39.Rf4 Bc6 40.Kd2 Rh2 41.Ke1 Nh6 42.Rf2 Rg1+ 43.Kd2 Rgg2
44.Rxg2 Bxg2 45.Bd1 Nf5 46.Re1 Bf3+ 47.Kc1 Nd4 48.Bxf3 Nxf3 49.Rd1 Re2 50.Kb2 Nd4
51.Rc1 Kd7 52.Kb1 Kc6 53.Kb2 b5 54.axb5+ Kxb5 55.Kc3 Rh2 56.Kb2 c4 57.bxc4+ Kxc4
58.Ne1 Re2 59.Ra1 Nc6 60.Nd3 Nb4 61.Nxb4 Kxb4 62.Rh1 Rxe5 63.Rh4+ Kc5 64.Kc3 Rd5
65.Kb3 e5 66.c3 Rd6 67.Rc4+ Kd5 68.Ra4 Ra6 69.Kc2 Kc5 70.Kb3 Ra8 71.Rc4+ Kd5
72.Ra4 e4 73.Kc2 Ke5 74.Kd2 Kf4 75.Ke2 Rc8 76.Rxa5 Rxc3 77.Ra6 Rc2+ 78.Kd1 Rb2
79.Ra3 Rf2 80.Ke1 Rf3 81.Ra8 Rb3 82.Rh8 Ra3 83.Ke2 Ra2+ 84.Ke1 Ra3 85.Ke2  1/2-1/2

[Event "Prague op"]
[Site "Prague"]
[Date "1985.??.??"]
[Round "?"]
[White "Konopka, Michal"]
[Black "Matousek, Michal"]
[Result "1-0"]
[WhiteElo "2200"]
[BlackElo "2235"]

1.e4 d5 2.exd5 Qxd5 3.Nc3 Qd8 4.d4 g6 5.Bc4 Bg7 6.Bf4 Nf6 7.Nf3 c6 8.Qe2 O-O
9.O-O-O b5 10.Bb3 e6 11.Ne5 a5 12.a4 Ba6 13.axb5 cxb5 14.d5 b4 15.dxe6 Bxe2
16.Rxd8 Rxd8 17.e7 Re8 18.Bxf7+ Kh8 19.Bxe8 bxc3 20.Ba4 Ra7 21.Re1 cxb2+
22.Kb1 Rxe7 23.Rxe2 Nd5 24.Nxg6+ hxg6 25.Rxe7 Nxe7 26.Bxb8 Nd5 27.Bb3 Nc3+
28.Kxb2 a4 29.Bc4 Nd1+ 30.Ka3 Nxf2 31.Kxa4 Ng4 32.Bd5  1-0

[Event "Szirak"]
[Site "Szirak"]
[Date "1985.??.??"]
[Round "3"]
[White "Horvath, Jozsef"]
[Black "Utasi, Tamas"]
[Result "1/2-1/2"]
[WhiteElo "2520"]
[BlackElo "2485"]

1.e4 d5 2.exd5 Qxd5 3.Nc3 Qd6 4.d4 Nf6 5.Bb5+ Bd7 6.Nf3 Nc6 7.O-O a6 8.Bxc6 Bxc6
9.Ne5 g6 10.Qe2 Bg7 11.Bf4 Nh5 12.Bg5 h6 13.Nc4 Qd7 14.Be3 Qe6 15.Rad1 Rd8
16.Rfe1 O-O 17.Na5 Bd5 18.Qd2 Bxg2 19.Kxg2 Qg4+ 20.Kf1 Qh3+ 21.Kg1 e5 22.d5 Qg4+
23.Kf1 e4 24.Nb3 Qh3+ 25.Kg1 Qg4+ 26.Kf1 Qh3+ 27.Kg1 Be5 28.f4 exf3 29.Nd4 c5
30.Nxf3 Qxf3 31.Qg2 Qxg2+ 32.Kxg2 Nf4+ 33.Bxf4 Bxf4 34.Re7 b5 35.Ne4 Bd6
36.Ra7 Be5 37.c3 b4 38.Rxa6 bxc3 39.bxc3 c4 40.d6 f5 41.Nc5 Rf6 42.d7 Rxa6
43.Nxa6 Bxc3 44.Nb8 Bf6 45.Nc6 Ra8 46.a4 c3 47.Rd5 Kf7 48.d8=Q Bxd8 49.Nxd8+ Kf6
50.Nc6 Rxa4 51.Rc5 Ra2+ 52.Kg3 g5 53.h4 Ra3 54.Nd4 c2+ 55.Kg2 gxh4  1/2-1/2

[Event "Bayern-ch"]
[Site "Bayern"]
[Date "1987.??.??"]
[Round "?"]
[White "Autenrieth, Michael"]
[Black "Schmidt, Gerhardt"]
[Result "1-0"]
[WhiteElo "2360"]
[BlackElo "2260"]

1.e4 d5 2.exd5 Qxd5 3.Nc3 Qd6 4.d4 Nf6 5.Bc4 c6 6.Nge2 Bf5 7.O-O e6 8.Bf4 Qb4
9.Bb3 Qa5 10.d5 Nxd5 11.Nxd5 cxd5 12.Nd4 Be4 13.c4 Nc6 14.Nb5 Rc8 15.Qe2 a6
16.cxd5 Bxd5 17.Nc7+ Rxc7 18.Bxc7 Qxc7 19.Bxd5 Nd4 20.Qe4 Bc5 21.Rac1 Qb6
22.Bxb7 O-O 23.Qe3 e5 24.Bf3 Bd6 25.b3 f5 26.Bd5+ Kh8 27.Rc4 h6 28.Rfc1 f4
29.Qd3 Qa5 30.Bf3 Rf6 31.Rc8+ Bf8 32.a4 Qb6 33.R1c3 Qe6 34.h3 Qd6 35.Ra8 g6
36.Rcc8 Qb4 37.Qc3 Nxf3+ 38.gxf3 Qd6 39.Rd8 Qe7 40.Re8  1-0

[Event "POL-ch"]
[Site "?"]
[Date "1987.??.??"]
[Round "?"]
[White "Kuczynski, Robert"]
[Black "Sygulski, Artur"]
[Result "1/2-1/2"]
[WhiteElo "2450"]
[BlackElo "2400"]

1.e4 d5 2.exd5 Qxd5 3.Nc3 Qd6 4.d4 Nf6 5.Bc4 a6 6.Bb3 Bg4 7.f3 Bf5 8.Nge2 Nc6
9.Bf4 Qd7 10.a3 Na5 11.Ba2 e6 12.b4 Nc6 13.d5 exd5 14.Nxd5 Nxd5 15.Qxd5 Bxc2
16.Qxd7+ Kxd7 17.Bxf7 Bd6 18.Bxd6 Kxd6 19.Kd2 Bf5 20.Kc3 Rad8 21.Ng3 Ke7
22.Bc4 Bg6 23.Rhe1+ Kf8 24.Ne4 b5 25.Ba2 Bf7 26.Bxf7 Kxf7 27.h4 h6 28.Nc5 Rd6
29.Re4 Ra8 30.Rae1 a5 31.Rf4+ Kg8 32.Re6 axb4+ 33.axb4 Ra3+ 34.Kb2 Ra8 35.Kc3 Rad8
36.Rxd6 cxd6 37.Ne6 Rc8 38.Kd2 Ne7 39.h5 d5 40.Nc5 Nc6 41.Ne6 Ra8 42.Nd4 Nxb4
43.Nxb5 Nc6 44.Nc7 Ra2+ 45.Kd3 Rxg2 46.Rf5 Nb4+ 47.Kc3 Rc2+ 48.Kxb4 Rxc7
49.Rxd5 Kf7 50.Rf5+ Ke6 51.Rf4 Kd5 52.Rg4 Ke5 53.Re4+ Kf6 54.Rg4 Rc1 55.Rf4+ Ke7
56.Rg4 Kf7 57.Rf4+ Kg8 58.Rf5 Rc7 59.Re5 Rf7 60.Kc4 Rxf3 61.Kd4 Kf7 62.Ke4 Rf6
63.Ra5 Rb6 64.Kf4 Rb4+ 65.Kg3 Rd4 66.Ra7+  1/2-1/2

[Event "POL-ch"]
[Site "?"]
[Date "1987.??.??"]
[Round "?"]
[White "Maciejewski, Miroslaw"]
[Black "Sygulski, Artur"]
[Result "1/2-1/2"]
[WhiteElo "2285"]
[BlackElo "2400"]

1.e4 d5 2.exd5 Qxd5 3.Nc3 Qd6 4.g3 Nc6 5.Bg2 Nf6 6.d3 Bg4 7.Nf3 Nd4 8.h3 Nxf3+
9.Bxf3 Bxf3 10.Qxf3 c6 11.Ne4 Qe6 12.Be3 Nxe4 13.Qxe4 Qd5 14.O-O e6 15.Qxd5 cxd5
16.c4 Kd7 17.cxd5 exd5 18.Rac1 Bd6 19.Bd4 f6 20.Rfe1 Rhc8 21.Kg2 Rc6 22.f4 Rac8
23.Be3 Rc2+ 24.Kf3 Rxb2 25.Rxc8 Kxc8 26.Bd4 Rd2 27.Bxa7 Rxa2 28.Bf2 Kd7 29.Rb1 Kc7
30.Rc1+ Kb8 31.Bc5 Ra6 32.Ke3 Kc7 33.Bxd6+ Kxd6 34.Rb1 b6 35.Rb2 h5 36.Rb1 Ke6
37.Rb2 g5 38.Rb1 Kd6 39.Rb2 gxf4+ 40.gxf4 Kc6 41.Rc2+ Kb7 42.Kd4 Ra4+ 43.Kxd5 Rxf4
44.Rg2 b5 45.d4 Kb6 46.Rg8 Rf1 47.Rb8+ Ka6 48.Ke6 f5 49.d5 f4 50.d6 Re1+
51.Kd5 Rd1+ 52.Kc6 Rc1+ 53.Kd5  1/2-1/2

[Event "EU-chT"]
[Site "Haifa"]
[Date "1989.??.??"]
[Round "3"]
[White "Polgar, Judit"]
[Black "Donchev, Dimitar I"]
[Result "1/2-1/2"]
[WhiteElo "2555"]
[BlackElo "2520"]

1.e4 d5 2.exd5 Qxd5 3.Nc3 Qd6 4.d4 Nf6 5.Nf3 a6 6.Be2 Nbd7 7.O-O e6 8.Be3 c5
9.dxc5 Qxd1 10.Rfxd1 Bxc5 11.Bxc5 Nxc5 12.Ne5 Ke7 13.Bf3 Ncd7 14.Nc4 Ra7
15.a4 b6 16.Na2 Rc7 17.b3 a5 18.Nc3 Ba6 19.Nb5 Rc5 20.Nca3 Ne5 21.Be2 g5
22.Rd4 Rd8 23.Rxd8 Kxd8 24.Nd6 Kc7 25.Bxa6 Kxd6 26.c4 Ke7 27.Nb5 Ne8 28.Nd4 Nd6
29.Bb5 f5 30.Re1 Kf6 31.Bd7 Ndxc4 32.Bxe6 Nd6 33.f3 Rc3 34.Bg8 Rd3 35.Ne6 Rd2
36.f4 gxf4 37.Nxf4 Nd3 38.Nxd3 Rxd3 39.Bxh7 Kg7 40.Re7+ Kf6 41.Re1 Kg7 42.Re7+  1/2-1/2

[Event "Karvina op"]
[Site "Karvina"]
[Date "1989.??.??"]
[Round "6"]
[White "Zpevak, Pavel"]
[Black "Belik, Dalibor"]
[Result "1/2-1/2"]
[WhiteElo "2350"]
[BlackElo "2260"]

1.e4 d5 2.exd5 Qxd5 3.Nc3 Qd8 4.d4 g6 5.Bc4 Bg7 6.Nf3 Nf6 7.O-O c6 8.Ne5 O-O
9.Re1 Bf5 10.Bb3 Nd5 11.Qe2 Nd7  1/2-1/2

[Event "JUG-Cup (Women)"]
[Site "Pula"]
[Date "1989.??.??"]
[Round "?"]
[White "Todorovic, Olivera"]
[Black "Jovanovic, Sa"]
[Result "1-0"]
[WhiteElo "2165"]
[BlackElo "2095"]

1.e4 d5 2.exd5 Qxd5 3.Nc3 Qd8 4.d4 Nf6 5.Be2 Nc6 6.Nf3 Bg4 7.Be3 e6 8.h3 Bh5
9.Bb5 a6 10.Bxc6+ bxc6 11.g4 Bg6 12.Ne5 Bb4 13.Nxg6 Bxc3+ 14.bxc3 hxg6 15.c4 Rb8
16.Qf3 Qd6 17.O-O O-O 18.Rab1 a5 19.Kg2 Nh7 20.g5 Rfe8 21.h4 Nf8 22.Rfd1 Nd7
23.h5 Rxb1 24.hxg6 fxg6 25.Rxb1 e5 26.c3 exd4 27.cxd4 c5 28.Rd1 cxd4 29.Rxd4 Qe6
30.Qb7 Ne5 31.Re4 Qf5 32.Qd5+ Re6 33.Qd8+ Qf8 34.Qxf8+ Kxf8 35.f4  1-0

[Event "Athens (Women)"]
[Site "Athens"]
[Date "1990.??.??"]
[Round "?"]
[White "Karayani, E."]
[Black "Makropoulou, Marina"]
[Result "0-1"]
[WhiteElo "2015"]
[BlackElo "2230"]

1.e4 d5 2.exd5 Qxd5 3.Nc3 Qd8 4.d4 Nf6 5.Nf3 Bg4 6.Bb5+ c6 7.Be2 e6 8.h3 Bxf3
9.Bxf3 Nbd7 10.O-O Be7 11.Bf4 O-O 12.Ne4 Nd5 13.Bd2 b5 14.Qc1 N7b6 15.c3 Rc8
16.Bg5 Bxg5 17.Nxg5 c5 18.dxc5 Rxc5 19.Ne4 Rc7 20.Be2 a6 21.Qg5 Qxg5 22.Nxg5 Nf4
23.Rfe1 h6 24.Nf3 Rd8 25.Bf1 Rcd7 26.Nd4 Rd6 27.g3 Nfd5 28.Nb3 Na4 29.Rab1 Ndb6
30.Nd4 g6 31.Re3 b4 32.Ne2 Nc4 33.cxb4 Nxe3 34.fxe3 Rd2 35.b3 Nb6 36.a4 Nd5
37.b5 axb5  0-1

[Event "Spring op"]
[Site "Budapest"]
[Date "1990.??.??"]
[Round "9"]
[White "Mnatsakanian, Eduard A"]
[Black "Utasi, Tamas"]
[Result "1-0"]
[WhiteElo "2415"]
[BlackElo "2315"]

1.e4 d5 2.exd5 Qxd5 3.Nc3 Qd6 4.d4 Nf6 5.Nf3 a6 6.Bd3 Nc6 7.O-O Bg4 8.Be3 O-O-O
9.h3 Bxf3 10.Qxf3 e5 11.Ne4 Nxe4 12.Bxe4 exd4 13.Rad1 Qc5 14.Bxc6 bxc6 15.Qxf7 Qe5
16.Bf4 Qe7 17.Qc4 Qf6 18.Qxa6+ Kd7 19.Qa7 Qxf4 20.Rxd4+ Qd6 21.Rfd1 Re8 22.c4  1-0

[Event "JUG-chT Cetinje"]
[Site "Cetinje"]
[Date "1990.??.??"]
[Round "3"]
[White "Micic, Jordanka"]
[Black "Petrovic, Marija"]
[Result "1/2-1/2"]
[WhiteElo "2210"]
[BlackElo "2290"]

1.e4 d5 2.exd5 Qxd5 3.Nc3 Qd8 4.d4 g6 5.Nf3 Bg7 6.Bc4 Nh6 7.O-O O-O 8.h3 Nf5
9.Ne2 c5 10.dxc5 Qc7 11.g4 Qxc5 12.Qd5 Qxd5 13.Bxd5 Rd8 14.Bb3 Nd6 15.Rd1 Nc6
16.c3 Na5 17.Bf4 Nxb3 18.axb3 Be6 19.Nfd4 Bd7 20.Bxd6 exd6 21.Nf4 h5 22.gxh5 g5
23.Nd5 Bxh3 24.Nb5 a5 25.Nbc7 Rab8 26.Rxa5 Be5 27.Ne3 Kg7 28.Rda1 Rh8 29.Ra8 Rxa8
30.Rxa8 Rxh5 31.Rb8 Bd7 32.Ncd5 Bc6 33.b4 g4 34.c4 g3 35.fxg3 Bd4 36.Kf1 Re5
37.b5 Bd7 38.Rxb7 Be6 39.Ng2 Rh5 40.Ngf4 Rh1+ 41.Kg2 Rg1+ 42.Kh2 Bg4 43.Nh3 Rb1
44.Ndf4 Rxb2+ 45.Ng2 Kf6 46.Nf4 Bf3 47.Rb8 Be5 48.Kh3 Rb1 49.Kh2 Bxf4 50.gxf4 Rb2
51.Rg8 Rc2 52.Rg3 Be4 53.Kh3 Rxc4 54.Rb3 Rc8 55.Ne3 d5 56.Kg3 Rg8+ 57.Kf2 d4
58.Nc4 Rg2+ 59.Ke1 Rc2 60.Nd2 Rc1+ 61.Ke2 Kf5  1/2-1/2

[Event "Dresden (Women)"]
[Site "Dresden"]
[Date "1990.??.??"]
[Round "?"]
[White "Schaefer, Anke"]
[Black "Jahn, Constanze"]
[Result "1/2-1/2"]
[WhiteElo "2000"]
[BlackElo "2170"]

1.e4 d5 2.exd5 Qxd5 3.Nc3 Qd8 4.d4 Nf6 5.Nf3 Bg4 6.Be2 e6 7.O-O c6 8.Bf4 Be7
9.h3 Bh5 10.Ne5 Bxe2 11.Nxe2 O-O 12.c3 Qc8 13.Qc2 c5 14.Rfd1 Nc6 15.dxc5 Nxe5
16.Bxe5 Qxc5 17.Bxf6 Bxf6 18.Rd7 Qc6  1/2-1/2

[Event "BL2-N8990"]
[Site "Germany"]
[Date "1990.??.??"]
[Round "?"]
[White "Breyther, Ruediger"]
[Black "Hargens, Thomas"]
[Result "1/2-1/2"]
[WhiteElo "2370"]
[BlackElo "2255"]

1.e4 d5 2.exd5 Qxd5 3.Nc3 Qd6 4.d4 Nf6 5.Nf3 a6 6.Be2 Bg4 7.O-O e6 8.h3 Bh5
9.Ne5 Bxe2 10.Nxe2 Nc6 11.Bf4 Nxe5 12.Bxe5 Qd7 13.Nf4 O-O-O 14.c3 Ne8 15.Qb3 Bd6
16.Rfe1 Nf6 17.c4 Rhe8 18.Rad1 Qc6 19.Nd3 Nd7 20.Bxd6 Qxd6 21.c5 Qd5 22.Qa4 Nb8
23.Ne5  1/2-1/2

[Event "OL Wuert8990"]
[Site "Germany"]
[Date "1990.??.??"]
[Round "?"]
[White "Schmid, Wolfgang"]
[Black "Mann, Christian"]
[Result "0-1"]
[WhiteElo "2240"]
[BlackElo "2305"]

1.e4 d5 2.exd5 Qxd5 3.Nc3 Qd6 4.Nf3 Nf6 5.d4 Bg4 6.Be2 c6 7.Bg5 Nbd7 8.O-O e6
9.Qd2 Qc7 10.h3 Bxf3 11.Bxf3 Bd6 12.Rfe1 h6 13.Bxf6 Nxf6 14.Ne4 Nxe4 15.Rxe4 O-O-O
16.Kf1 g5 17.Bh5 Bf8 18.Qe2 Qh2 19.Qe1 Qh1+ 20.Ke2 Qxg2 21.Qh1 Qxh1 22.Rxh1 Rd7
23.c3 Bd6 24.Kd3 Bf4 25.a4 a5 26.Kc4 Kc7 27.Re2 Kd6 28.Rhe1 Ke7 29.Rb1 Kf6
30.b4 axb4 31.Rxb4 Bd6 32.Rb1 Ra8 33.Kb3 Ra5 34.Reb2 Ra7 35.Kc2 c5 36.Rd1 Rc7
37.Rb6 Bf4 38.Kb3 cxd4 39.Rxd4 Be5 40.Rd3 Ra5 41.Bf3 Rac5 42.c4 Rxc4 43.Bxb7 Rc3+
44.Rxc3 Rxc3+ 45.Kb4 Rxh3 46.f3 Rh1 47.Be4 Ra1 48.Rc6 h5 49.Rc8 Kg7  0-1

[Event "Balkaniad"]
[Site "Kavala"]
[Date "1990.??.??"]
[Round "6"]
[White "Micic, Jordanka"]
[Black "Makropoulou, Marina"]
[Result "1/2-1/2"]
[WhiteElo "2210"]
[BlackElo "2230"]

1.e4 d5 2.exd5 Qxd5 3.Nc3 Qd8 4.d4 Nf6 5.Bc4 c6 6.Nf3 Bf5 7.Ne5 e6 8.g4 Be4
9.Nxe4 Nxe4 10.Qf3 Nd6 11.Bb3 Qf6 12.Qe2 a5 13.h4 Qd8 14.c3 a4 15.Bc2 Be7
16.g5 Nd7 17.Bd2 Nxe5 18.dxe5 Nb5 19.a3 Qb6 20.Be3 Qa5 21.Qc4 Nc7 22.O-O-O Nd5
23.Rh3 Kd7 24.f4 Kc7 25.Bg1 g6 26.h5 b5 27.Qe4 Kb7 28.c4 bxc4 29.Qxc4 Qb5
30.Qxb5+ cxb5 31.Be4 Rhc8+ 32.Kb1 Rc4 33.Rxd5 Rxe4 34.Rd7+ Kc6 35.Rxe7 Re1+
36.Kc2 Rxg1 37.hxg6 hxg6 38.Rxf7 Rg2+ 39.Kb1 Rg1+ 40.Ka2 Kd5 41.Rb7 Ke4 42.Rh4 Ra5
43.Rb6 Kf5 44.Rb8 Ke4 45.Rb7 Re1 46.Rf7 Kf3 47.Rh8 b4 48.axb4 Rb5 49.Rh2 Rxb4
50.Rf6 Rb6 51.Rd2  1/2-1/2

[Event "Kuala Lumpur Interzonal (Women)"]
[Site "Kuala Lumpur"]
[Date "1990.??.??"]
[Round "3"]
[White "Sziva, Erika"]
[Black "Makropoulou, Marina"]
[Result "1/2-1/2"]
[WhiteElo "2250"]
[BlackElo "2230"]

1.e4 d5 2.exd5 Qxd5 3.Nc3 Qd8 4.d4 Nf6 5.Bg5 h6 6.Bh4 c6 7.Qd2 Bf5 8.Nf3 e6
9.Bd3 Bxd3 10.Qxd3 Be7 11.Bxf6 Bxf6 12.O-O-O Nd7 13.Ne4 Qc7 14.Kb1 O-O-O
15.Qa3 Kb8 16.Qd6 Qxd6 17.Nxd6 Rhf8 18.Nc4 Kc7 19.Rhe1 b5 20.Nce5 Nxe5 21.dxe5 Be7
22.c3 Bc5 23.Nd4 Rd5 24.b4 Bb6 25.Re4 Rfd8 26.Rd3 R8d7 27.Rf3 a6 28.Ref4 Rxe5
29.Rxf7 Bxd4 30.cxd4 Rd5 31.Rxd7+ Rxd7 32.Rf4 g5 33.Re4 Kd6 34.Kc2 a5 35.bxa5 Ra7
36.f3 Rxa5 37.Kb3 Ra4 38.h4 Ke7 39.hxg5 hxg5 40.Rg4 Kf6 41.Re4 Rc4 42.g4 Ke7
43.a3 Ra4 44.Kb2 Kd6 45.Kb3 Rc4 46.Kb2 Ke7 47.Kb3 Rc1 48.Re3 Kd6 49.Kb2 Rf1
50.Kc3 Ra1 51.Kb2 Rf1 52.Kc3 Rd1 53.Re4 Ra1 54.Kb2 Rf1 55.Re3 Kd5 56.Kc3 Rc1+
57.Kb2 Rd1 58.Re5+ Kxd4 59.Rxe6 Rd2+ 60.Kc1 Rf2 61.Rxc6 Rxf3  1/2-1/2

[Event "Sankt Augustin"]
[Site "Sankt Augustin"]
[Date "1990.??.??"]
[Round "2"]
[White "Tischbierek, Raj"]
[Black "Stobik, Dietrich"]
[Result "1-0"]
[WhiteElo "2440"]
[BlackElo "2225"]

1.e4 d5 2.exd5 Qxd5 3.Nc3 Qd6 4.d4 Nf6 5.Nf3 a6 6.Ne5 c5 7.Bc4 e6 8.Be3 Nbd7
9.Nxd7 Bxd7 10.dxc5 Qc7 11.b4 b6 12.O-O bxc5 13.b5 Bd6 14.f4 O-O 15.bxa6 Rfd8
16.Qe2 Bc6 17.Rad1 e5 18.f5 e4 19.h3 Be5 20.Rxd8+ Rxd8 21.Nd1 Qe7 22.Bf4 Bd4+
23.Kh1 h6 24.Ne3 Bc3 25.Nd1 Bd4 26.Bh2 Nd7 27.Ne3 Ne5 28.f6 Qd7 29.Bxe5 Bxe5
30.fxg7 Bxg7 31.Rxf7  1-0

[Event "St Ingbert op"]
[Site "St Ingbert"]
[Date "1990.??.??"]
[Round "4"]
[White "Honfi, Karoly"]
[Black "Neurohr, Stephan"]
[Result "1-0"]
[WhiteElo "2325"]
[BlackElo "2325"]

1.e4 d5 2.exd5 Qxd5 3.Nc3 Qd6 4.d4 Nf6 5.Bc4 a6 6.Nge2 Qc6 7.Bb3 Qxg2 8.Rg1 Qxh2
9.Bf4 Qh3 10.Bxc7 Bg4 11.Qd2 Nbd7 12.O-O-O Rc8 13.Bg3 Qh5 14.Rde1 Bxe2 15.Rxe2 e6
16.d5 Nc5 17.dxe6 Nxb3+ 18.axb3 fxe6 19.Rxe6+ Kf7 20.Rb6 Qf3 21.Be5 Bc5 22.Rxg7+ Kxg7
23.Qg5+  1-0